Predstavitelia československej finančnej teórie a politiky v čase existencie Rakúsko - Uhorska a 1. Československej republiky

Pôsobenie predstaviteľov politického ako aj ekonomického života obdobia existencie Rakúsko – Uhorska a existencie 1. Československej republiky. Jednotliví predstavitelia aj keď nemuseli byť konkrétne činní v období monarchie, ale vzdelanie v tom období dosahovali a pre každého z nich bol charakteris...

Ausführliche Beschreibung

Gespeichert in:
Bibliographische Detailangaben
1. Verfasser: Baláži, Peter
Format: Buchkapitel
Sprache:Slowakisch
Schlagworte:
Tags: Tag hinzufügen
Keine Tags, Fügen Sie das erste Tag hinzu!

MARC

LEADER 00000naa a2200000 4500
001 0253353
005 20260205072501.4
041 0 |a slo 
044 |a SK 
245 1 0 |a Predstavitelia československej finančnej teórie a politiky v čase existencie Rakúsko - Uhorska a 1. Československej republiky  |c Peter Baláži 
520 |a Pôsobenie predstaviteľov politického ako aj ekonomického života obdobia existencie Rakúsko – Uhorska a existencie 1. Československej republiky. Jednotliví predstavitelia aj keď nemuseli byť konkrétne činní v období monarchie, ale vzdelanie v tom období dosahovali a pre každého z nich bol charakteristický nejaký prínos do formovania finančnej vedy. 
610 2 0 |a teória finančná 
610 2 0 |a história 
610 2 0 |a Československo 
610 2 0 |a politika hospodárska 
610 2 0 |a bankovníctvo 
100 1 |a Baláži, Peter